000
00307cam a2200145ua 4500
041
_a
eng
_h
082
_a
005
_b
100
_a
Lal, Birdrawan .
245
_a
Research Methodology
260
_a
Jaipur :
_b
ABD Publishers ,
_c
2002.
300
_a
; .
504
_a
942
_c
BK
999
_c
12918
_d
12918